| 000 | 02593nam a22003857a 4500 | ||
|---|---|---|---|
| 005 | 20100812125446.0 | ||
| 010 | _aENG-99981 B-453515-522 | ||
| 020 |
_a9788187358572 _c350.00 |
||
| 035 | _aEN-83513 B-453515-522 | ||
| 037 | _bDBAD/PUB | ||
| 037 | _bAllied Pub/Ven | ||
| 082 | _a954.05 | ||
| 245 |
_aThe everyday state and society in modern India / _cedited by C. J. Fuller [and] Veronique Benei |
||
| 260 |
_aNew Delhi _bSocial Science Press _c2009 |
||
| 270 |
_a69 Jor Bagh _bNew Delhi _e110003 |
||
| 300 |
_aviii,221p. _c22cm (pbk) |
||
| 500 | _aIncludes bibliographical references | ||
| 650 | _zIndia | ||
| 650 |
_aPolitical science _946272 |
||
| 650 |
_aPolitical sociology _946273 |
||
| 650 |
_aSocial policy _946274 |
||
| 700 |
_aFuller, C. J. _911702 |
||
| 700 |
_aBenei, Veronique _911703 |
||
| 942 |
_2ddc _cEN _h954.05 _mEVE |
||
| 999 |
_c41324 _d41324 |
||